Grandes villes FR qui votent le plus aux élections - Statistiques

Statistiques générales
  • Ce quiz a été pris 37 fois
  • Le résultat moyen est 4 sur 5
Statistiques - réponses
Ville % Correct
2 Paris
97%
1 Lyon
95%
5 Nantes
84%
4 Rennes
84%
3 Grenoble
38%
Aucun quiz correspondant
Distribution des résultats
% des personnes avec chaque résultat
Percentile par nombre de réponses
Votre historique - résultats
Vous n’avez pas pris ce quiz